DEĞİŞEN TOPLUMDA AİLE VE ÇOCUK (Kayıt no. 1110305)

MARC ayrıntıları
000 -LEADER
sabit uzunluktaki kontrol alanı 00268nam a2200097Ia 4500
001 - KONTROL NUMARASI
kontrol alanı 1110305
005 - EN SON İŞLEMİN TARİH VE ZAMANI
kontrol alanı 20250827003849.0
008 - SABİT-UZUNLUKTA VERİ ÖĞELERİ--GENEL BİLGİ
sabit uzunluktaki kontrol alanı 250824s9999 xx 000 0 und d
245 #0 - ESER / YAZAR
ESER ADI DEĞİŞEN TOPLUMDA AİLE VE ÇOCUK
Yazar Adı ATALAY YÖRÜKOĞLU
260 ## - YAYIN, DAĞITIM, VB.
YAYIN EVİ ÖZGÜR YAYINLARI
Mevcut
Düşüm durumu Kayıp durumu Hasar Durumu Ödünç verilmez Ana kütüphane Geçerli Kütüphane Edinilen tarih Toplam ödünç verme sayısı Barkod Son görüntüleme tarihi Fiyatın geçerli olmaya başladığı tarih Koha materyal türü
        TOKİ İLKOKULU TOKİ İLKOKULU 24.08.2025   10744943 27.08.2025 27.08.2025 Kitaplar
Gemini Bilgi Teknolojileri A.Ş. tarafından düzenlenmiştir.